| 000 | 00718nam a2200241 a 4500 | ||
|---|---|---|---|
| 001 | BRL_1873 | ||
| 005 | 20190320211416.0 | ||
| 008 | 110815s1974----mx-#######---#000-0#spa-# | ||
| 041 | _aspa | ||
| 044 | _amx | ||
| 050 | 4 |
_aPM3916 _b.B78 1974 |
|
| 100 | 1 |
_aBruce S., Roberto D _9620 |
|
| 245 | 1 | 0 |
_aEl libro de Chan K´in _cRobert D. Bruce |
| 260 |
_aMéxico _bInstituto Nacional de Antropología e Historia _c1974 |
||
| 300 |
_a385 p. _c27 cm. |
||
| 440 | 0 |
_aColección Científica. Lingüística _v12 _928101 |
|
| 500 | _aAu2095 | ||
| 650 | 1 | 4 |
_aLacandones _xGramática _928102 |
| 650 | 1 | 4 |
_aMayas _xReligión y Mitología _925486 |
| 650 | 1 | 4 |
_aLenguas indígenas _zMéxico _928103 |
| 902 | _aGRL | ||
| 942 |
_2lcc _cB |
||
| 999 |
_c10681 _d10681 |
||